| Tag |
First Indicator |
Second Indicator |
Subfields |
| LEADER |
00000cam a2200000 a 4500 |
| 001 |
in00000015917 |
| 005 |
20151007052631.0 |
| 008 |
870324s1988 nyub b 00110 eng |
| 010 |
|
|
|a 87007927
|
| 020 |
|
|
|a 0195044576 (alk. paper)
|
| 020 |
|
|
|a 0195044584 (pbk. : alk. paper)
|
| 035 |
|
|
|a (OCoLC)15520113
|
| 035 |
|
|
|9 AAA8598AM
|
| 040 |
|
|
|a DLC
|c DLC
|d TXA
|d UtOrBLW
|
| 043 |
|
|
|a e-fr---
|a e-gx---
|
| 049 |
|
|
|a TXAM
|c [A11464094]
|
| 050 |
0 |
0 |
|a DC65
|b .G43 1988
|
| 082 |
0 |
|
|a 943/.01
|2 19
|
| 100 |
1 |
|
|a Geary, Patrick J.,
|d 1948-
|
| 245 |
1 |
0 |
|a Before France and Germany :
|b the creation and transformation of the Merovingian world /
|c Patrick J. Geary.
|
| 264 |
|
1 |
|a New York :
|b Oxford University Press,
|c 1988.
|
| 300 |
|
|
|a xii, 259 pages :
|b maps ;
|c 22 cm.
|
| 336 |
|
|
|a text
|b txt
|2 rdacontent
|
| 337 |
|
|
|a unmediated
|b n
|2 rdamedia
|
| 338 |
|
|
|a volume
|b nc
|2 rdacarrier
|
| 504 |
|
|
|a Bibliography: pages 241-248.
|
| 500 |
|
|
|a Includes index.
|
| 650 |
|
0 |
|a Merovingians
|x History.
|
| 651 |
|
0 |
|a France
|x History
|y To 987.
|
| 651 |
|
0 |
|a Germany
|x History
|y To 843.
|
| 999 |
|
|
|a MARS
|
| 999 |
f |
f |
|s fbb122ad-96ff-32e2-8357-3529d657eddc
|i 8ff15b66-9ad7-3097-a56e-2683ef917125
|t 0
|
| 952 |
f |
f |
|p normal
|a Texas A&M University
|b College Station
|c Sterling C. Evans Library
|d Evans: Library Stacks
|t 0
|e DC65 .G43 1988
|h Library of Congress classification
|i unmediated -- volume
|m A14811464094
|
| 998 |
f |
f |
|a DC65 .G43 1988
|t 0
|l Evans: Library Stacks
|